000 00401 a2200109 4500
001 ART_17375
005 20260410161923.0
008 260409a
245 1 0 _aSome Systemic factors contributing to the convertible currency shortages of Centrally Planned economies
100 1 _aHolzman, Franklyn D.
773 0 _tThe American Economic Review
_g- Vol. 69, NÂș 2 (mayo 1979)
_wREV16190
999 _c27865
_d27865